Ghost Of You - 5 Seconds of Summer (All Lyrics) - Statistics

General Stats
  • This quiz has been taken 1,502 times
  • The average score is 172 of 201
Answer Stats
Ghost Of You % Correct
I
100%
a
99%
you
99%
You
99%
the
98%
ghost
97%
of
97%
with
96%
do
93%
like
93%
your
93%
it
92%
And
91%
and
91%
Dancing
91%
house
91%
always
90%
on
90%
our
90%
out
89%
Chorus So
89%
to
89%
To
89%
be
88%
through
88%
up
88%
drown
86%
can
84%
coffee
84%
cup
84%
down
83%
lipstick
83%
no
83%
side
83%
waking
83%
am
82%
truth
82%
I'll
81%
chase
80%
sleep
80%
stain
80%
shirt
79%
still
79%
that
79%
That
79%
too
79%
Bridge Too
79%
fine
78%
Verse 1 Here
78%
If
78%
just
78%
know
78%
love
78%
shot
78%
when
78%
young
78%
can't
77%
dream
76%
dumb
76%
enough
76%
long
76%
me
76%
time
76%
away
75%
old
75%
things
75%
fades
73%
feel
73%
found
73%
could
72%
today
72%
one
71%
ran
71%
There's
71%
Verse 2 Cleaning
70%
wore
70%
my
69%
now
69%
tell
69%
did
68%
hurt
68%
they
67%
dance
66%
don't
66%
feet
66%
better
65%
But
63%
you'd
59%
We're
58%
I'd
57%
Zeppelin
51%
No matching quizzes found
Score Distribution
Percent of People with Each Score
Percentile by Number Answered
Your Score History
You have not taken this quiz